Statistics for Prema Drivers 2022

Click here to take the quiz!

General Stats

  • This quiz has been taken 7 times
  • The average score is 4 of 21

Answer Stats

CategoryCountryAnswer% Correct
F3MonacoArthur Leclerc
83%
F3UKOllie Bearman
67%
FRECAEstoniaPaul Aron
67%
F2NorwayDennis Hauger
50%
F4ItalyAndrea Kimi Antonelli
33%
FRECASwedenDino Beganovic
33%
FRECAColumbiaSebastian Montoya
33%
FRECAUAEHamda Al Qubaisi
17%
F3USAJak Crawford
17%
F2IndiaJehan Daruvala
17%
ELMSUSAJuan Manuel Correa
17%
F4AustriaCharlie Wurz
0%
F4DenmarkConrad Laursen
0%
ELMSGermanyFerdinand Habsburg
0%
F4AustraliaJames Wharton
0%
WECItalyLorenzo Colombo
0%
ELMSItalyLorenzo Colombo
0%
WECSwitzerlandLouis Deletraz
0%
ELMSSwitzerlandLouis Deletraz
0%
F4BrazilRafael Camara
0%
WECPolandRobert Kubica
0%

Score Distribution

Percentile by Number Answered

Percent of People with Each Score

Your Score History

You have not taken this quiz